00478nam a22001817a 450000500170000000800410001704000070005804100120006508200210007710000150009824500330011326000530014630000260019936500180022565000180024365000180026170000170027920220514111405.0220514b ||||| |||| 00| 0 eng d cAL aEnglish 223a331.88bKARI aV B Karnik aIndian Trade Unions:a survey aBombaybP C Manaktala and sons private Ltdc1966 a343 p.bHBc22x14 cm. c₹d₹18.50 aLabour unions aLabour Policy aKarnik (V B)